Komparatívna analýza finančného hospodárstva miest a obcí v Slovenskej republike diplomová práca

Enregistré dans:
Détails bibliographiques
Auteur principal: Girašek, Jakub, 1996-
Collectivité auteur: Národohospodárska fakulta EU. Katedra financií
Autres auteurs: Baláži, Peter
Format: Livre
Langue:slovaque
Publié: Bratislava 2019
Tags: Ajouter un tag
Pas de tags, Soyez le premier à ajouter un tag!

MARC

LEADER 00000nbm a2200000 4500
001 0254879
005 20190724130727.1
041 0 |a slo 
044 |a SK 
245 1 0 |a Komparatívna analýza finančného hospodárstva miest a obcí v Slovenskej republike  |b diplomová práca  |c Jakub Girašek ; školiteľ: Peter Baláži 
264 1 |a Bratislava  |c 2019 
300 |a 84 s. 
100 1 |a Girašek, Jakub, 1996- 
700 1 |a Baláži, Peter 
710 2 |a Národohospodárska fakulta EU. Katedra financií